000 00462nam a2200181Ia 4500
001 9694
005 20260306161737.0
008 260306t1995||||xx |||||||||||||| ||spa||
041 _aESP
082 _a398
_bC76
100 _aXIII Congreso Nacional y II Internacional andino de folklore
_eAUT
245 0 _aActas y memorias cientĂ­ficas
260 _c1995
300 _a661 páginas :
_c20 cm.
650 _aGEN
654 _aCHU
942 _cLIB
_dJUS
_fJUS
_2ddc
_n
999 _c9694
_d9694